000 00405nam a22001217a 4500
008 221026b |||||||| |||| 00| 0 eng d
100 _aTenzin, Pema
245 _aTopic Impact of the COVID-19 pandemic on the informal economy
_bA case study of Taxi drivers in Puntsholing
260 _aThimphu :
_bRoyal Thimphu College,
_c2022.
300 _av, 40p :
_c30 cm
650 _aStudent Research work
942 _2ddc
999 _c9177
_d9178